zpět

Detail výsledku týmu

Pivní burza Jánská, Brno

Datum a čas kvízu

29.5 Celkem bodů Celkový počet nahraných bodů na tomto kvízu bez doplňovacích otázek.
2. Pořadí na kvízu Konečné umístění týmu na tomto kvízu.

Zaznamenané odpovědi

# Otázka Odpověď Body Výsledky
1. Sobotní vyhlašování cen Český... 1
2. Do prodejny mobilů přišla žena... 0
3. Mark Hamill se ve čtvrtek dočk... 1
4. Minulý týden byla vydána další... 0
5. Oscara získal minulý týden i j... 1
6. V tomto tématu si posvítíme na... 0.5
7. Které jsou nejrozšířenější jaz... 0.5
8. Největší jezera na světě co do... 0.5
9. Státy Jižní Ameriky podle počt... 0
10. Evropské země podle rozlohy: 1... 0.5